La responsabilidad en la Ley de Ordenacin̤ de la Edificacin̤

Detalles Bibliográficos
Autor principal: Santana Navarro, Francisco L.
Formato: eBook
Lenguaje:español
Publicado: Madrid: Marcial Pons, 2018
Materias:
Acceso en línea:Acceso restringido

MARC

LEADER 00000nam a22000007a 4500
005 20211103210920.0
007 cr|||| ||||
008 211103s2018 es |||||s|||| 00||0 spa d
020 |a 978-84-9123-718-1 
035 |a 33649 
040 |a vLex 
090 |c 12630  |d 12630 
100 1 |a Santana Navarro, Francisco L. 
245 1 2 |a La responsabilidad en la Ley de Ordenacin̤ de la Edificacin̤  |h [Recurso electrn̤ico] /  |c Francisco L. Santana Navarro 
256 |a Servicio en ln̕ea 
260 |a Madrid:  |b Marcial Pons,  |c 2018 
300 |a 1 recurso electrn̤ico 
500 |a La presente monografa̕ analiza minuciosamente el rǧimen de responsabilidad por defectos constructivos que establece la Ley de Ordenacin̤ de la Edificacin̤, cuya aplicacin̤ prc̀tica genera multitud de interrogantes. Ello se debe a que esta Ley en ciertos aspectos se distancia notablemente de la jurisprudencia elaborada en torno al art. 1.591 CC. As,̕ adems̀ de poner fin a la reparacin̤ integral que otorgaba el precepto del Cd̤igo Civil, fija diversos plazos de garanta̕ en funcin̤ de la utilidad o funcin̤ a que afecte el vicio constructivo, adems̀ de un plazo de prescripcin̤ ms̀ breve que el aplicable hasta ahora. Esta obra se inicia en sus primeros capt̕ulos con el estudio de diversas cuestiones de alcance general en la materia, tales como la naturaleza de la responsabilidad, su carc̀ter indisponible, la delimitacin̤ de los daǫs resarcibles, o el rǧimen probatorio e imputacin̤ a los agentes de la edificacin̤. En el capt̕ulo tercero se concretan los defectos constructivos cubiertos por los diversos plazos de garanta̕, lo que resultar ̀capital para las pretensiones de los propietarios del edificio. Estos plazos, junto con el de prescripcin̤, son estudiados en los siguientes apartados con especial atencin̤ a su cm̤puto e interrupcin̤, y a ciertas figuras que permitira̕n excepcionar sus rigores. La monografa̕ dedica su l︢tima seccin̤ a las particulares responsabilidades de los agentes de la edificacin̤, ofreciendo criterios para su necesario y complejo deslinde, dada la superposicin̤ de sus funciones. En esta parte final se aborda la distribucin̤ de la responsabilidad entre tales agentes, las acciones de repeticin̤, las causas de exoneracin̤ y la forma de reparacin̤ del daǫ causado. 
506 1 |a Disponible solo en los productos indicados  |d vLex Global  |d vLex Global (Academic Edition, excluding Law Schools)  |d vLex Global (U.S. Academic Edition, Law Schools)  |d vLex Global (U.S. Academic Edition, excluding Law Schools)  |d vLex Global (Academic Edition, Law Schools) 
650 0 4 |a Obligaciones y Contratos  |z Espaą 
650 0 4 |a Actividad Administrativa  |z Espaą 
650 0 4 |a Urbanismo  |z Espaą 
740 0 |a vLex Libros (Servicio en ln̕ea) 
856 4 0 |u https://app.vlex.com/#/sources/33649  |z Acceso restringido 
942 |c BOOK 
999 0 |a Obligations and Contracts 
999 0 |a Administrative Activity 
999 0 |a Urbanism